[Event "Madrid Alcorcon op 1st"]
[Site "Madrid"]
[Date "2022.12.30"]
[Round "9"]
[White "Gonzalez Arganda, Ernesto"]
[Black "Garcia Martin, Marco"]
[Result "0-1"]
[WhiteElo "1134"]
[BlackElo "1200"]
[PlyCount "126"]
[EventDate "2022.12.26"]
[EventType "swiss"]
[EventRounds "9"]
[EventCountry "ESP"]
[SourceTitle "CBM 212 Extra"]
[Source "ChessBase"]
[SourceDate "2023.03.31"]
[SourceVersion "1"]
[SourceVersionDate "2023.03.31"]
[SourceQuality "1"]

1. d4 Nf6 2. Nf3 g6 3. Nc3 Bg7 4. e4 d6 5. Be3 0-0 6. Qd2 Re8 7. h4 h5 8. Be2 c6 9. Ng5 Qb6 10. Na4 Qc7 11. Nc3 c5 12. d5 Qb6 13. b4 Qxb4 14. Rb1 Qa5 15. Rb5 Qc7 16. Nf3 a6 17. Rb1 Qa5 18. Rb3 Ng4 19. Ng5 Nxe3 20. Qxe3 b5 21. Qf3 f6 22. Ne6 Bxe6 23. dxe6 c4 24. Rb1 f5 25. 0-0 Qxc3 26. Qf4 Qxc2 27. Bf3 Nc6 28. exf5 Rac8 29. fxg6 Qxg6 30. Be4 Qxe6 31. Rfe1 Qf6 32. Qg3 Qe5 33. Qg6 Qf6 34. Qxh5 Ne5 35. Re3 Qf7 36. Qh7+ Kf8 37. Rbe1 Red8 38. Rg3 c3 39. Bc2 Bf6 40. Qh6+ Ke8 41. Rxe5 Bxe5 42. Bg6 Bxg3 43. h5 Bxf2+ 44. Kh1 c2 45. Bxf7+ Kxf7 46. Qg6+ Kf8 47. Qf5+ Ke8 48. Qg6+ Kd7 49. Qf5+ e6 50. Qh7+ Ke8 51. Qh8+ Kf7 52. Qh7+ Kf6 53. Qg6+ Ke5 54. Qg5+ Kd4 55. Qd2+ Ke4 56. Qe2+ Be3 57. Qf3+ Kd3 58. Qf1+ Kd2 59. Qf2+ Bxf2 60. g4 Bg3 61. h6 Rf8 62. h7 Rf2 63. h8Q c1Q# 0-1

[Event "Madrid Alcorcon op 1st"]
[Site "Madrid"]
[Date "2022.12.26"]
[Round "2"]
[White "Bendahan, Isaac"]
[Black "Gonzalez Arganda, Ernesto"]
[Result "1-0"]
[WhiteElo "1602"]
[BlackElo "1134"]
[PlyCount "73"]
[EventDate "2022.12.26"]
[EventType "swiss"]
[EventRounds "9"]
[EventCountry "ESP"]
[SourceTitle "CBM 212 Extra"]
[Source "ChessBase"]
[SourceDate "2023.03.31"]
[SourceVersion "1"]
[SourceVersionDate "2023.03.31"]
[SourceQuality "1"]

1. e4 c5 2. Nf3 d6 3. d4 cxd4 4. Nxd4 e5 5. Nf3 Nf6 6. Nc3 g6 7. Bc4 Be6 8. Bxe6 fxe6 9. 0-0 Nc6 10. Re1 Bg7 11. Nb5 d5 12. exd5 Nxd5 13. c4 Nf6 14. Nd6+ Ke7 15. c5 Nd5 16. Bg5+ Bf6 17. Bxf6+ Kxf6 18. Nxe5 Nxe5 19. Rxe5 Qd7 20. Qd4 Ke7 21. Qxd5 Rhf8 22. Rae1 Rf6 23. Qxb7 Rd8 24. c6 Qxb7 25. cxb7 Rb8 26. Ne4 Rf5 27. Rxf5 gxf5 28. Nc5 Kd6 29. b4 e5 30. Rd1+ Kc6 31. Rd7 Kb5 32. a4+ Kxb4 33. Na6+ Kxa4 34. Nxb8 Kb5 35. Na6 Kxa6 36. b8Q f4 37. Rxa7# 1-0